Statistics for Random Geography Chain

Click here to take the quiz!

General Stats

  • This quiz has been taken 256 times
  • The average score is 12 of 15

Answer Stats

HintAnswer% Correct
Person from The NetherlandsDutch
97%
Country and sub-continent in AsiaIndia
95%
Capital of KenyaNairobi
93%
European country that broke up in the 1990sYugoslavia
93%
Country in Lower ArabiaYemen
90%
Pyrenean CountryAndorra
89%
Country along with Armenia and GeorgiaAzerbaijan
87%
Capital of ParaguayAsuncion
86%
Canadian province paired with LabradorNewfoundland
81%
Largest city in VietnamHo Chi Minh City
80%
Canada's fourth most populous provinceAlberta
78%
Third most populous city in ScotlandAberdeen
74%
Capital of NigerNiamey
65%
Capital of ChadN'Djamena
58%
Area in southern SpainAndalusia
48%

Score Distribution

Percentile by Number Answered

Percent of People with Each Score

Your Score History

You have not taken this quiz